000 00478nam a2200145 i 4500
001 30148
003 ES-MaACL
005 20230906154139.0
007 t|
008 030123s1917 mx ||||1| spa d
100 1 _aBarragán, Juan.
_925825
245 1 0 _aInforme que rinde el C. General Brigadier Gobernador de San Luis Potosí de las labores llevadas a cabo por un gobierno /
_cJuan Barragán.
260 _aSan Luis de Potosí :
_b[s.n.,
_c1917]
852 _aES-MaACL
_j1561-F-17
999 _c30148
_d30148